[Event "Bezirksliga Oberbayern 1819"]
[Site "Bayern"]
[Date "2019.02.24"]
[Round "7.5"]
[White "Wurster, Axel"]
[Black "Baier, Herbert"]
[Result "1-0"]
[WhiteElo "1941"]
[BlackElo "1895"]
[PlyCount "77"]
[EventDate "2018.10.21"]
[EventType "team-tourn"]
[EventRounds "9"]
[EventCountry "GER"]
[SourceTitle "EXT 2022"]
[Source "ChessBase"]
[SourceDate "2021.10.06"]
[SourceVersion "1"]
[SourceVersionDate "2021.10.06"]
[SourceQuality "1"]
[WhiteTeam "Gauting"]
[BlackTeam "Fuerstenfeldbruck TuS"]
[WhiteTeamCountry "GER"]
[BlackTeamCountry "GER"]

1. d4 f5 2. Nf3 Nf6 3. g3 g6 4. Bg2 Bg7 5. b3 0-0 6. c4 c5 7. 0-0 Ne4 8. Bb2 Nc6 9. Nbd2 Nxd2 10. Qxd2 cxd4 11. Nxd4 Qb6 12. Rad1 Nxd4 13. Bxd4 Qxd4 14. Qxd4 Bxd4 15. Rxd4 Rb8 16. Rfd1 d6 17. f4 b5 18. cxb5 Rxb5 19. Bd5+ Kg7 20. Bc4 Rc5 21. Rd5 Rc7 22. Ra5 Bd7 23. Kf2 Rfc8 24. Rd4 Bc6 25. Bd3 Kf6 26. Rc4 h6 27. h3 Bd7 28. Rxc7 Rxc7 29. Bc4 Bc6 30. Ke3 Bg2 31. h4 h5 32. Kd4 Be4 33. Ra6 Kg7 34. e3 Bg2 35. Bd3 e5+ 36. fxe5 dxe5+ 37. Kxe5 Rc5+ 38. Kf4 Rc7 39. Kg5 1-0

[Event "Regionalliga SO 0809"]
[Site "Bayern"]
[Date "2009.01.11"]
[Round "5.8"]
[White "Becher, Georg"]
[Black "Baier, Herbert"]
[Result "1/2-1/2"]
[WhiteElo "1831"]
[BlackElo "2004"]
[PlyCount "26"]
[EventDate "2008.10.05"]
[EventType "team-tourn"]
[EventRounds "9"]
[EventCountry "GER"]
[SourceTitle "EXT 2020"]
[Source "ChessBase"]
[SourceDate "2019.10.17"]
[SourceVersion "1"]
[SourceVersionDate "2019.10.17"]
[SourceQuality "1"]
[WhiteTeam "Ebersberg"]
[BlackTeam "Ilmmuenster"]
[WhiteTeamCountry "GER"]
[BlackTeamCountry "GER"]

1. d4 d5 2. Nf3 Nc6 3. g3 Bg4 4. Bg2 Qd7 5. c3 0-0-0 6. h4 f6 7. b4 Re8 8. a4 h5 9. a5 Nd8 10. Qb3 c6 11. b5 cxb5 12. a6 b6 13. Na3 e5 1/2-1/2

[Event "Regionalliga SO 0708"]
[Site "Bayern"]
[Date "2008.02.17"]
[Round "6.5"]
[White "Endthaler, Arnold"]
[Black "Baier, Herbert"]
[Result "1/2-1/2"]
[WhiteElo "2088"]
[BlackElo "2031"]
[PlyCount "22"]
[EventDate "2007.10.21"]
[EventType "team-tourn"]
[EventRounds "9"]
[EventCountry "GER"]
[SourceTitle "EXT 2009"]
[Source "ChessBase"]
[SourceDate "2008.11.26"]
[SourceVersion "1"]
[SourceVersionDate "2008.11.26"]
[SourceQuality "1"]
[WhiteTeam "Trostberg"]
[BlackTeam "Ilmmuenster"]
[WhiteTeamCountry "GER"]
[BlackTeamCountry "GER"]

1. e4 Nf6 2. e5 Nd5 3. d4 d6 4. Nf3 Bg4 5. Be2 e6 6. exd6 cxd6 7. 0-0 Be7 8. Re1 0-0 9. c4 Nb6 10. b3 Nc6 11. Bb2 d5 1/2-1/2

[Event "Regionalliga SO 0708"]
[Site "Bayern"]
[Date "2007.10.21"]
[Round "1.6"]
[White "Kuehn, Karsten"]
[Black "Baier, Herbert"]
[Result "1/2-1/2"]
[WhiteElo "2035"]
[BlackElo "2031"]
[PlyCount "64"]
[EventDate "2007.10.21"]
[EventType "team-tourn"]
[EventRounds "9"]
[EventCountry "GER"]
[SourceTitle "EXT 2009"]
[Source "ChessBase"]
[SourceDate "2008.11.26"]
[SourceVersion "1"]
[SourceVersionDate "2008.11.26"]
[SourceQuality "1"]
[WhiteTeam "Graefelfing"]
[BlackTeam "Ilmmuenster"]
[WhiteTeamCountry "GER"]
[BlackTeamCountry "GER"]

1. e4 Nf6 2. e5 Nd5 3. c4 Nb6 4. d4 d6 5. exd6 cxd6 6. h3 g6 7. Nf3 Bg7 8. Be3 0-0 9. Nc3 e5 10. Be2 Nc6 11. d5 Ne7 12. Qb3 Nf5 13. Bg5 Nd4 14. Bxd8 Nxb3 15. axb3 Rxd8 16. 0-0 Bf5 17. g4 Bd7 18. Kg2 h6 19. Nd2 f5 20. f3 Kh8 21. Ra5 Bf6 22. b4 Be8 23. Bd3 Bg5 24. Nb3 a6 25. Nc1 Rac8 26. b3 Bd2 27. N1e2 f4 28. Ra2 Bxc3 29. Nxc3 Bf7 30. Ra5 Nd7 31. Ne4 Nb8 32. Rfa1 Kg7 1/2-1/2

[Event "Regionalliga SO 0506"]
[Site "Bayern"]
[Date "2005.11.13"]
[Round "2.8"]
[White "Baier, Herbert"]
[Black "Winkler, Stefan2222"]
[Result "1-0"]
[WhiteElo "1966"]
[BlackElo "1756"]
[PlyCount "67"]
[EventDate "2005.10.23"]
[EventType "team-tourn"]
[EventRounds "9"]
[EventCountry "GER"]
[SourceTitle "EXT 2007"]
[Source "ChessBase"]
[SourceDate "2006.11.23"]
[SourceVersion "1"]
[SourceVersionDate "2006.11.23"]
[SourceQuality "1"]
[WhiteTeam "Ilmmuenster"]
[BlackTeam "Starnberg SC"]
[WhiteTeamCountry "GER"]
[BlackTeamCountry "GER"]

1. e4 e5 2. Bc4 Nf6 3. d3 Nc6 4. Nf3 d6 5. c3 Bg4 6. h3 Bh5 7. Nbd2 Be7 8. Nf1 a6 9. Bb3 Na5 10. Ng3 Nxb3 11. axb3 Bg6 12. 0-0 0-0 13. Nh4 Re8 14. Nhf5 Bf8 15. Qf3 Qd7 16. Bg5 Qe6 17. Nh6+ Kh8 18. Bxf6 Qxf6 19. Qxf6 gxf6 20. Ng4 Kg7 21. Ne3 c6 22. c4 Rad8 23. Ra5 Rd7 24. f4 exf4 25. Rxf4 d5 26. Nef5+ Kh8 27. cxd5 Bb4 28. Ra4 Bd2 29. dxc6 Rxd3 30. Rf3 Rdd8 31. cxb7 a5 32. Rc4 Rb8 33. Nd6 Red8 34. Rc8 1-0

[Event "Regionalliga SO 0506"]
[Site "Bayern"]
[Date "2005.10.23"]
[Round "1.7"]
[White "Baier, Herbert"]
[Black "Burkhardt, Holger"]
[Result "1-0"]
[WhiteElo "1966"]
[BlackElo "2047"]
[PlyCount "109"]
[EventDate "2005.10.23"]
[EventType "team-tourn"]
[EventRounds "9"]
[EventCountry "GER"]
[SourceTitle "EXT 2007"]
[Source "ChessBase"]
[SourceDate "2006.11.23"]
[SourceVersion "1"]
[SourceVersionDate "2006.11.23"]
[SourceQuality "1"]
[WhiteTeam "Ilmmuenster"]
[BlackTeam "Graefelfing SK"]
[WhiteTeamCountry "GER"]
[BlackTeamCountry "GER"]

1. e4 Nc6 2. Nf3 Nf6 3. e5 Ng4 4. d4 d6 5. exd6 Qxd6 6. Be2 g6 7. Nc3 a6 8. Ne4 Qd5 9. Ng3 Bg7 10. c3 0-0 11. h3 Nf6 12. Bf4 Qa5 13. 0-0 b5 14. b4 Qb6 15. a4 Nd5 16. Bd2 Rb8 17. axb5 axb5 18. Qc2 f5 19. Qa2 e6 20. Bd1 Nd8 21. Bb3 Qd6 22. Rfe1 Nf7 23. Bxd5 exd5 24. Qa7 Bd7 25. Qc5 f4 26. Ne2 g5 27. Ra7 Rbc8 28. Qxd6 Nxd6 29. Nxg5 Bh6 30. h4 Bxg5 31. hxg5 f3 32. Nf4 Ne4 33. Nxd5 Nxd2 34. Ne7+ Kf7 35. Nxc8 Rxc8 36. Re5 fxg2 37. Kxg2 Kg6 38. f4 h5 39. gxh6 Kxh6 40. Ra2 Rg8+ 41. Kf2 Nc4 42. Ra6+ Nd6 43. Re7 Bc8 44. Ra1 Bb7 45. Rae1 Rg2+ 46. Kf1 Nf5 47. R1e6+ Kh5 48. Rh7+ Kg4 49. Rg6+ Kxf4 50. Rxg2 Ne3+ 51. Kf2 Nxg2 52. Rf7+ Kg5 53. Rxc7 Be4 54. Rg7+ Kf5 55. Rxg2 1-0

[Event "Regionalliga SO 0405"]
[Site "Bayern"]
[Date "2004.10.24"]
[Round "1.8"]
[White "Baier, Herbert"]
[Black "Burkhardt, Holger"]
[Result "1/2-1/2"]
[WhiteElo "1942"]
[BlackElo "2044"]
[PlyCount "81"]
[EventDate "2004.10.24"]
[EventType "team-tourn"]
[EventRounds "9"]
[EventCountry "GER"]
[SourceTitle "EXT 2007"]
[Source "ChessBase"]
[SourceDate "2006.11.23"]
[SourceVersion "1"]
[SourceVersionDate "2006.11.23"]
[SourceQuality "1"]
[WhiteTeam "Ilmmuenster"]
[BlackTeam "Graefelfing"]
[WhiteTeamCountry "GER"]
[BlackTeamCountry "GER"]

1. e4 Nc6 2. d4 d5 3. e5 f6 4. f4 Bf5 5. Bb5 Qd7 6. c3 Be4 7. Nf3 f5 8. 0-0 e6 9. Be3 Be7 10. Nbd2 Nh6 11. Bf2 0-0 12. Bh4 Bxh4 13. Nxh4 Qe7 14. Nhf3 Nd8 15. Qe1 a6 16. Be2 c5 17. Qh4 Qxh4 18. Nxh4 cxd4 19. cxd4 Rc8 20. Rac1 Nc6 21. Nb3 Nf7 22. Nf3 Ra8 23. a3 Nfd8 24. Rfd1 Rf7 25. Nc5 Re7 26. b4 Bxf3 27. Bxf3 Kf7 28. Be2 Rc7 29. Nb3 Rac8 30. Kf2 Na7 31. Rxc7+ Rxc7 32. Rc1 Rxc1 33. Nxc1 Ndc6 34. Ke3 Nb8 35. a4 b6 36. Kd2 Ke7 37. Kc3 Kd7 38. Nb3 Ke7 39. a5 b5 40. Nc5 Nac6 41. g3 1/2-1/2

[Event "Regionalliga SO 0304"]
[Site "Bayern"]
[Date "2003.11.02"]
[Round "2.4"]
[White "Linner, Christian"]
[Black "Baier, Herbert"]
[Result "1-0"]
[WhiteElo "2029"]
[BlackElo "1989"]
[PlyCount "89"]
[EventDate "2003.10.??"]
[EventType "team"]
[EventRounds "9"]
[EventCountry "GER"]
[SourceTitle "EXT 2006"]
[Source "ChessBase"]
[SourceDate "2005.11.24"]
[SourceVersion "1"]
[SourceVersionDate "2005.11.24"]
[SourceQuality "1"]
[WhiteTeam "Vogtareuth"]
[BlackTeam "Ilmmuenster"]
[WhiteTeamCountry "GER"]
[BlackTeamCountry "GER"]

1. Nf3 c5 2. c4 Nf6 3. Nc3 g6 4. e4 d6 5. d4 cxd4 6. Nxd4 Bg7 7. Be2 0-0 8. 0-0 Nc6 9. Be3 Bd7 10. Qd2 Rc8 11. f3 Ne5 12. b3 a6 13. Rac1 Bc6 14. Rfd1 Re8 15. Nd5 Ned7 16. Kh1 Nc5 17. Qb4 Nfd7 18. Qe1 Nf8 19. b4 Nce6 20. Nb3 Ba4 21. f4 Nd7 22. Na5 Rb8 23. Rd3 b6 24. Nb3 Rc8 25. Qf2 Rc6 26. Nd4 Nxd4 27. Bxd4 b5 28. Bxg7 Kxg7 29. c5 e6 30. Nc3 dxc5 31. bxc5 Qc7 32. Qd4+ Nf6 33. e5 Nd5 34. Nxd5 exd5 35. Qxd5 Rc8 36. f5 gxf5 37. Bh5 Re6 38. Rg3+ Kf8 39. Qd2 Qxe5 40. Rf3 a5 41. Bxf7 Rec6 42. Bh5 b4 43. Qd7 R6c7 44. Rxf5+ Kg8 45. Qxc8+ 1-0

[Event "Regionalliga SO 0203"]
[Site "Bayern"]
[Date "2003.03.30"]
[Round "9.5"]
[White "Tuchenhagen, Axel"]
[Black "Baier, Herbert"]
[Result "1-0"]
[WhiteElo "2075"]
[BlackElo "1990"]
[PlyCount "141"]
[EventDate "2002.10.20"]
[EventType "team"]
[EventRounds "9"]
[EventCountry "GER"]
[SourceTitle "EXT 2004"]
[Source "ChessBase"]
[SourceDate "2003.11.25"]
[SourceVersion "1"]
[SourceVersionDate "2003.11.25"]
[SourceQuality "1"]
[WhiteTeam "Starnberg"]
[BlackTeam "Fuerstenfeldbruck"]
[WhiteTeamCountry "GER"]
[BlackTeamCountry "GER"]

1. d4 f5 2. Nc3 Nf6 3. Bg5 e6 4. f3 Be7 5. e4 0-0 6. Bxf6 Rxf6 7. e5 Rf7 8. f4 b6 9. Be2 Bb7 10. Bf3 Bxf3 11. Nxf3 Na6 12. 0-0 c6 13. Ne2 g5 14. fxg5 Bxg5 15. c4 Rg7 16. Qd3 Kh8 17. Rad1 Qe7 18. Rf2 Rag8 19. Nxg5 Rxg5 20. Nf4 Nb4 21. Qe2 Qf7 22. a3 Na6 23. b4 Nc7 24. Rd3 b5 25. cxb5 Nxb5 26. a4 Nc7 27. Rc3 Qe7 28. b5 Qb4 29. Rc4 Qa3 30. bxc6 dxc6 31. Rxc6 Qa1+ 32. Qf1 Qxd4 33. Rxc7 Rg4 34. Rc4 Qxe5 35. Nd3 Qd5 36. Qa1+ R4g7 37. Qc3 e5 38. Ne1 Qe6 39. Rc5 Qa6 40. Qxe5 Qxa4 41. Rc7 Qe4 42. Qxe4 fxe4 43. Rxg7 Kxg7 44. Ra2 Ra8 45. Ra6 Kf7 46. Kf1 h5 47. Ke2 h4 48. h3 Ke7 49. Ra4 Kd6 50. Rxe4 a5 51. Ra4 Kc6 52. Nf3 Kb5 53. Rxh4 a4 54. Rd4 a3 55. Rd1 Kc4 56. g4 a2 57. Ra1 Kd5 58. Kf2 Ra3 59. Kg2 Ke4 60. Ng1 Kd3 61. g5 Kc3 62. h4 Kb2 63. Rf1 a1Q 64. Rxa1 Rxa1 65. h5 Kc3 66. h6 Ra7 67. Nf3 Kd3 68. g6 Ra6 69. Nh4 Ke4 70. h7 Ra2+ 71. Kg3 1-0

[Event "Regionalliga SO 0203"]
[Site "Bayern"]
[Date "2003.02.09"]
[Round "6.5"]
[White "Baier, Herbert"]
[Black "Siebert, Joachim"]
[Result "1/2-1/2"]
[WhiteElo "1990"]
[BlackElo "1916"]
[PlyCount "21"]
[EventDate "2002.10.20"]
[EventType "team"]
[EventRounds "9"]
[EventCountry "GER"]
[SourceTitle "EXT 2004"]
[Source "ChessBase"]
[SourceDate "2003.11.25"]
[SourceVersion "1"]
[SourceVersionDate "2003.11.25"]
[SourceQuality "1"]
[WhiteTeam "Fuerstenfeldbruck"]
[BlackTeam "Landshut"]
[WhiteTeamCountry "GER"]
[BlackTeamCountry "GER"]

1. e4 e6 2. d4 d5 3. e5 c5 4. c3 Nc6 5. Nf3 Bd7 6. Be2 Nge7 7. 0-0 Qb6 8. b3 cxd4 9. cxd4 Nf5 10. Bb2 Be7 11. g4 1/2-1/2

[Event "Passau op 8th"]
[Site "Passau"]
[Date "2000.04.22"]
[Round "4"]
[White "Klein, Hans Georg"]
[Black "Baier, Herbert"]
[Result "1-0"]
[WhiteElo "2225"]
[BlackElo "1945"]
[PlyCount "81"]
[EventDate "2000.04.21"]
[EventType "swiss"]
[EventRounds "7"]
[EventCountry "GER"]
[SourceTitle "CBM 076 Extra"]
[Source "ChessBase"]
[SourceDate "2000.07.11"]
[SourceVersion "1"]
[SourceVersionDate "2000.07.11"]
[SourceQuality "1"]

1. Nf3 d5 2. g3 e6 3. Bg2 f5 4. d3 Nf6 5. 0-0 Bd6 6. Nbd2 0-0 7. c4 c6 8. Qc2 a5 9. e4 Bc7 10. e5 Ne8 11. Nb3 h6 12. h4 Nd7 13. Bf4 Qe7 14. Nbd4 Kh7 15. Rfe1 Rg8 16. Qe2 g6 17. Qd2 a4 18. Re2 dxc4 19. dxc4 Ba5 20. Qc1 Nc5 21. Bxh6 Ne4 22. Ng5+ Nxg5 23. Bxg5 Qc5 24. Nf3 b5 25. cxb5 Qxb5 26. Rc2 Bb7 27. Rc5 Qd3 28. Bf6 Nxf6 29. exf6 g5 30. Nxg5+ Kg6 31. Nxe6 Kxf6 32. Qh6+ Ke7 33. Nf4 Qd6 34. Qh7+ Kd8 35. Qxg8+ Kc7 36. Qf7+ Kb6 37. Rxf5 Rd8 38. Rf6 Qd2 39. Rf1 Rd7 40. Qg6 Rc7 41. Nd5+ 1-0